[Event "FRA-ch Blitz Online Qual"]
[Site "Europe Echecs INT"]
[Date "2020.05.16"]
[Round "3"]
[White "Fernandez, Jose3333"]
[Black "Haberthur, Maxime"]
[Result "0-1"]
[WhiteElo "1597"]
[BlackElo "1941"]
[PlyCount "44"]
[EventDate "2020.05.16"]
[EventType "swiss (blitz)"]
[EventRounds "15"]
[EventCountry "FRA"]
[SourceTitle "CBM 196 Extra"]
[Source "ChessBase"]
[SourceDate "2020.07.31"]
[SourceVersion "1"]
[SourceVersionDate "2020.07.31"]
[SourceQuality "1"]

1. e4 c6 2. d4 d5 3. Nc3 dxe4 4. Nxe4 Nf6 5. Nxf6+ exf6 6. Nf3 Bd6 7. Bc4 0-0 8. 0-0 Bg4 9. h3 Bh5 10. Qd3 Nd7 11. c3 Qc7 12. Be3 Bxf3 13. gxf3 Rfe8 14. Qf5 Nf8 15. Rae1 Ng6 16. Qg4 Qc8 17. Bd2 c5 18. Bd5 cxd4 19. cxd4 Qc2 20. Bc3 f5 21. Qg2 Nf4 22. Bxf7+ Kxf7 0-1

[Event "FRA-ch Blitz Online Qual"]
[Site "Europe Echecs INT"]
[Date "2020.05.16"]
[Round "7"]
[White "Song, Julien"]
[Black "Haberthur, Maxime"]
[Result "1-0"]
[WhiteElo "2306"]
[BlackElo "1941"]
[PlyCount "111"]
[EventDate "2020.05.16"]
[EventType "swiss (blitz)"]
[EventRounds "15"]
[EventCountry "FRA"]
[SourceTitle "CBM 196 Extra"]
[Source "ChessBase"]
[SourceDate "2020.07.31"]
[SourceVersion "1"]
[SourceVersionDate "2020.07.31"]
[SourceQuality "1"]

1. e4 c6 2. d4 d5 3. exd5 cxd5 4. c4 Nf6 5. Nc3 Nc6 6. cxd5 Nxd5 7. Nf3 e6 8. Bd3 Be7 9. 0-0 0-0 10. a3 Bf6 11. Bc2 b6 12. Qd3 g6 13. Bh6 Re8 14. Ne4 Bh8 15. Rad1 Bb7 16. h4 Bg7 17. Bxg7 Kxg7 18. h5 Nce7 19. Ne5 Nf5 20. Rfe1 Qh4 21. Ba4 Red8 22. Bc6 Bxc6 23. Nxc6 Rdc8 24. Ne5 Qxh5 25. g4 Qh4 26. gxf5 exf5 27. Nd6 Rc7 28. Qg3 Qf6 29. Ndc4 Rac8 30. Ne3 Nxe3 31. Qxe3 Rc2 32. Rd2 R2c7 33. Red1 Qh4 34. Qg3 Qf6 35. Nf3 Rd7 36. Qe5 Rcd8 37. Qxf6+ Kxf6 38. Ne5 Rd5 39. Nc4 b5 40. Ne3 R5d6 41. f4 a6 42. Kf2 h6 43. d5 g5 44. Kf3 g4+ 45. Kg3 h5 46. Rh1 Re8 47. Rd3 Rh8 48. b4 Kg6 49. Rd2 Re8 50. Rd3 Rh8 51. Rh2 Kf6 52. Ng2 Kg6 53. Nh4+ Kf6 54. Re2 Rhd8 55. Re5 Kg7 56. Nxf5+ 1-0